| 000 | 00898cam a2200121 4500500 | ||
|---|---|---|---|
| 005 | 20251130003012.0 | ||
| 041 | _afre | ||
| 042 | _adc | ||
| 245 | 0 | 0 | _aPolitiques de la représentation et de l'identité : Recherches en gender, cultural, queer studies |
| 260 |
_bL'Harmattan,
_c2005. |
||
| 520 | _aCe numéro est consacré aux gender, cultural et queer studies, à la façon dont elles bousculent et interrogent nos disciplines. D’une contribution à l’autre, d’un déplacement à l’autre, des voies, des modes de théorisation et d’action pour saper les mises en ordre du monde instituées se dessinent, démultipliant des formes de vie et dessinant des micropolitiques qui visent à transformer la représentation, les normes et le sens. | ||
| 856 | 4 | 1 | _uhttps://shs.cairn.info/politiques-de-la-representation-et-de-lidentite--9782747579919?lang=fr&redirect-ssocas=7080 |
| 999 |
_c1565957 _d1565957 |
||